000 00949nam a2200313Ia 4500
003 OSt
005 20220912145253.0
006 a|||||r|||| 00| 0
007 ta
008 220909b |||||||| |||| 00| 0 eng d
020 _a9780495559900 (pbk)
024 _a97762
037 _b280, 15/03/2010, Aviva Books Company
037 _cTextbook
040 _aCSL
_beng
_cCSL
041 _aeng
082 _aH5, Q0 TH
100 _aWicander Reed
245 0 _aHistorical geology:evolution of earth and life through time
250 _a6
260 _aAustralia
_bCengage Learning
_c2010
300 _axvii, 444p.
_ccm.
500 _aAppendix A-C, 421-429p.; Glossary 430-436p.; Index 437-444p.
650 _a Historical geology
650 _aGeology
700 _a Monroe James S
942 _hH5, Q0 TH
_cTB
_2CC
999 _c27591
_d27591